000 00728cam a22002534a 4500
001 13486513
005 20171218071752.0
008 040210s2005 njua b 001 0 eng
010 _a 2004002983
020 _a0130600903
040 _aDLC
_cDLC
_dDLC
041 _aeng
042 _apcc
043 _an-us---
080 _a373.236
082 0 0 _a373.236 POW
_222
100 1 _a46
101 _aEDU
245 1 0 _aIntroduction to middle school /
_cSara Davis Powell.
504 _aIncludes bibliographical references and indexes.
906 _a7
_bcbc
_corignew
_d1
_eecip
_f20
_gy-gencatlg
942 _2ddc
_cBK
999 _c39075
_d39075